| 000 | 00747nam a2200289 a 4500 | ||
|---|---|---|---|
| 003 | AR-BaBNM | ||
| 005 | 20251128205708.0 | ||
| 008 | 082120s2002 ||||||||||||||000 | spa|| | ||
| 020 | _a84-8164-081-6 | ||
| 040 | _cAR-BaBNM | ||
| 100 | 1 | _aMontes, Pedro | |
| 245 | 0 | 0 | _aEl desorden neoliberal |
| 260 |
_aMadrid _bTrotta _c1996 |
||
| 300 | _a206 p. | ||
| 490 | 0 | _aEstructuras y procesos. Economía | |
| 504 | _aBibliografía p. 203-206 | ||
| 650 | 4 | _aHISTORIA POLITICA | |
| 650 | 4 | _aCOMERCIO INTERNACIONAL | |
| 650 | 4 | _aTEORIA POLITICA | |
| 650 | 4 | _aDOCTRINAS POLITICAS | |
| 650 | 4 | _aLIBERALISMO | |
| 650 | 4 | _aPOLITICA INTERNACIONAL | |
| 651 | 4 | _aAmérica Latina | |
| 653 | _aNEOLIBERALISMO | ||
| 942 | _cBK | ||
| 998 | _cMariana | ||
| 999 |
_c12441 _d12441 |
||